000 00701nam a2200253Ia 4500
003 OSt
005 20220918175403.0
006 a|||||r|||| 00| 0
007 ta
008 220917b |||||||| |||| 00| 0 eng d
024 _a16,835
037 _cTextual
040 _aARTS
_cARTS
_beng
041 _2eng
_aeng
082 _aO:1L88:21:g, L6
100 _aMcGann Jerome J.
_953710
245 0 _aDon Juan (Byron) in context
260 _aLondon
_bJohn Murray
_c1976
300 _axii,184p.
_ccm.
500 _aAppendix 166-168p Middle style in Don Juan
650 _aENGLISH LITERATURE
942 _hO:1L88:21:g, L6
_cTEXL
_2CC
999 _c157211
_d157211